000 00679nam a22001937a 4500
003 OSt
005 20251016052725.0
008 251016b |||||||| |||| 00| 0 eng d
020 _a978-971-510-337-4
040 _aDWCL-Main lib
_cOC
082 _aFil. 275.99 L429d 2025
100 _aLayugan, Michael G.
245 _aDivine Word missionaries:
_bthe first fifty years of SVD missionary engagements in the Philippines/
_cMichael G. Layugan
260 _aManila, Philippines:
_b Logos Publications, Inc.,
_cc2025
300 _a924 pages:
_b illustrations;
_c21cm.
650 _a1. Catholic church.
650 _a2. Society of Divine Word.
942 _2ddc
_cBK - FIL
_kFil.
_n0
999 _c4898
_d4898